Les tragédies de Sénèque et le théatre de la renaissance
Tallennettuna:
| Päätekijä: | |
|---|---|
| Aineistotyyppi: | Kirja |
| Kieli: | ranska |
| Julkaistu: |
París
Centre National de la Recherche Scientifique
1964
|
| Aiheet: | |
| Tagit: |
Lisää tagi
Ei tageja, Lisää ensimmäinen tagi!
|
MARC
| LEADER | 00000nam a2200000 a 4500 | ||
|---|---|---|---|
| 001 | UCR7548 | ||
| 003 | CL-VaPUC | ||
| 008 | 980515e19640000FR |||||||||||||||||fre|d | ||
| 082 | 0 | 4 | |a 792 |b JAC |2 21 |
| 100 | |a Jacquot, Jean |e author |9 620713 | ||
| 245 | 1 | 4 | |a Les tragédies de Sénèque et le théatre de la renaissance |
| 300 | |a 317 p | ||
| 942 | |c BK | ||
| 945 | |d 19980515 00:00:00 |a mvenant | ||
| 260 | |a París |b Centre National de la Recherche Scientifique |c 1964 | ||
| 600 | 0 | |a Séneca, Lucio Anneo |9 313328 | |
| 650 | 7 | |a TEATRO CLASICO |2 CL-VaPUC |9 269101 | |
| 650 | 0 | |a Teatro |9 265385 | |
| 650 | 0 | |a Historia |9 255047 | |
| 650 | 7 | |a TEATRO ROMANO |2 CL-VaPUC |9 362573 | |
| 650 | 7 | |a TRAGEDIAS |2 CL-VaPUC |9 408839 | |
| 583 | |a last modification |c 19980515 00:00:00 |k Rodrigo Vera | ||
| 999 | |c 269140 |d 269138 | ||
| 952 | |0 0 |1 0 |4 0 |6 792_000000000000000_JAC_1964 |7 0 |8 A |9 302804 |a BIBART |b BIBART |d 2019-11-20 |i 3426947 |o 792 JAC 1964 |p 3426947 |r 2025-03-13 |w 2019-11-20 |y BK |k ART | ||